| 000 | 00541nam a22001577a 4500 | ||
|---|---|---|---|
| 999 |
_c534771 _d534771 |
||
| 020 | _qHard Cover. | ||
| 082 | _a624.1 | ||
| 100 | _aIqbal, Javaid | ||
| 245 |
_aCritical success factors for contractor firms in building construction of Pakistan / _cJavaid Iqbal. |
||
| 260 |
_aIslamabad: _bSCEE - NUST, _c2013. |
||
| 300 |
_a82 p. : _bill. ; _c30cm. |
||
| 942 |
_2ddc _cTHE |
||
| 650 |
_aConstruction Engineering and Management MS-Thesis. _917023 |
||
| 700 |
_aDr. Muhammad Irfan _917128 |
||